01051nam a22002057a 450000500170000000800410001702000180005804000440007604100080012008200200012810000250014824501280017326000630030130000310036450002350039550600220063058601280065265000340078065000310081420220617121722.0220617s2021 ck ||||fr|||| 001 0 spa d a9789585154162 aCO-BoUCMbspacSandra YazodSandra Yazo0 aspa 220a342.861.0291 aZuluaga Gil, Ricardo10aVilla del Rosario de Cúcuta 1821bAntecedentes, desarrollo y consecuencas de un congreso fundacionalcRicardo Zuluaga Gil aBogotá (Colombia)bAcademia Colombiana de Historiac2021 a188 páginasc24 x 17 cm. aDetalles físicos: Encuadernación flexible, rustica, impresa en varias tintas. Portada y páginas preliminares en una sola tinta. Texto impreso en una columna con notas al pie de página, algunas ilustraciones entre el texto. aConsulta en sala. aSegundo premio nacional de historia "Bicentenario del Congreso Constituyente y Legislativo de Villa del Rosario, 1821-2021" 7aColombiavHistoriay1819-1831 7aCongreso de Cúcutay1821